00675nam a2200253Ia 4500003000400000008004100004040001600045082001300061100002200074245005300096700002500149700002100174700002200195260005500217300001000272650001300282650001100295650001300306650002400319650001500343650003000358650001200388650002100400GCL140319s9999 xx 000 0 eng d aGCL / cGCL04a150bA I1 aATKINSON, RITA L.10aINTRODUCTION TO PSYCHOLOGY / cATKINSON, RITA L.1 aATKINSON, RICHARD C.1 aSMITH, EDWARD E.1 aHILGARD, ERNEST R a[S.N] : bHARCOURT BRACE JOVANOVICH,INC. ، c1997 a744 P04aLEARNING04aMEMORY04aEMOTIONS04aABNORMAL PSYCHOLOGY04aPERCEPTION04aPSYCHOLOGICAL DEVELOPMENT04aSENSING04aSOCIAL BEHAVIOUR